• 首页
  • 本馆介绍
  • 公告通知
  • 最新文献
  • 馆藏检索
  • 电子资源
  • 读者导购
  • 参考咨询
  • 我的图书馆
  • 登录
  • 详细信息显示
  • 放入我的书架
  • 预约/预借图书
  • 作者相关作品
  • 分类相关作品
  • 丛书相关作品
  • 出版社相关作品

书目信息

  • 表格格式
  • 工作单格式
  • 卡片格式
书名: Automatic control engineering
作者: Francis H. Raven
分册号:
分册名:
出版地: New York :
 
出版社: McGraw-Hill Book Co
出版时间: c1978.
页数: xiii, 570 p. :
开本: 24 cm.
丛书名: McGraw-Hill series in mechanical engineering
中图分类号:
科图分类号:
其他分类号: TP273
主题词:
电子资源:
000 00960nam 2200289 a 4500
001 E0738668226
005 20070407105049.93
008 00110 eng
008 uu
010    @a77012005 //r86
020    @a0070512280.
049    @aN5LA
050 0  @aTJ213 @b.R38 1978
082    @a629.8/3
090    @a2/TP273/RFH/ 1978//////////////////272375/*912816/-17/ cop.2-3
090    @aTP273
096    @aTP273 @v2
099    @dTP273@ex5
100 1  @aRaven, Francis H. @q(Francis Harvey), @d1928-
245 10 @aAutomatic control engineering / @cFrancis H. Raven
250    @a3d ed.
260    @aNew York :@bMcGraw-Hill Book Co.,@cc1978.
300    @axiii, 570 p. :@bill. ;@c24 cm.
440  0 @aMcGraw-Hill series in mechanical engineering
504    @aIncludes bibliographcal references and index.
650  0 @aAutomatic control. @b00 @c20020930 @lNLC09 @h2247 @lNLC09 @h2313 @lNLC09 @h1904
852 9  @bWWJC @cJ08S @k2 @hTP273 @iRFH/1978
    
    Automatic control engineering / / Francis H. Raven.-3d ed.-New York : : McGraw-Hill Book Co., , c1978.
    xiii, 570 p. : : ill. ; ; 24 cm.- (McGraw-Hill series in mechanical engineering )
    Includes bibliographcal references and index.
    
    ISBN 0070512280.
    
●
相关链接 在E读中查询图书 在五车中查询图书 在当当中查询图书 在豆瓣中查询图书


正题名:Automatic control engineering     索取号:TP273/x5         预约/预借

序号 登录号 条形码 馆藏地/架位号 状态 备注
1 003984   300039848   第二样本阅览室/ [索取号:TP273/x5] 在馆    
唐山师范学院图书馆 欢迎您!
大连网信软件有限公司© 版权所有